000 00359nam a22001577a 4500
999 _c11534
_d11534
003 OSt
008 220916b ||||| |||| 00| 0 eng d
020 _a9788186550791
100 _aDIWAN,PK
245 _aApplied Physics for Engineers
250 _aRep
260 _aNew Delhi
_bWiley
_c2015
300 _a548
650 _aApplied Sc
942 _2ddc
_cBK
_027